| 000 | 00666nac a22001691u 4500 | ||
|---|---|---|---|
| 008 | 090614t xxu||||| |||| 00| 0 eng d | ||
| 020 | _a818431213X | ||
| 082 |
_a621.31042 _bGUP |
||
| 100 |
_a _96120 |
||
| 245 |
_aElectromechanical energy conversion-2/ _cUday A. Bakshi & Mayuresh V. Bashi |
||
| 260 |
_aNew Delhi: _bTechnical Publications, _c2008 |
||
| 300 |
_a1 v. : _bill.; _c23 cm. |
||
| 650 |
_aElectric machinery _96121 |
||
| 650 |
_aElectric egineering _96122 |
||
| 942 |
_cBB _k621.31042GUP _2ddc |
||
| 999 |
_c11820 _d11820 |
||